Digimon Adventure - Digimonpartner und ihre Digitationen - Statistiken

Allgemein
  • Dieses Quiz wurde 199 mal gespielt
  • Das Durchschnittsergebnis liegt bei 22 aus 34
Antwortstatistiken
Digiritter Level Name % Korrekt
Tai Rookie Agumon
98%
Tai Champion Greymon
97%
T.K. Champion Angemon
92%
Matt Champion Garurumon
92%
T.K. Rookie Patamon
88%
Tai Ultra Metalgreymon
86%
Kari Ultra Angewomon
85%
Tai Mega Wargreymon
85%
Matt Rookie Gabumon
84%
Sora Champion Birdramon
81%
Matt Ultra Weregarurumon
80%
Matt Mega Metalgarurumon
79%
Kari Champion Gatomon
76%
Izzy Champion Kabuterimon
75%
Izzy Rookie Tentomon
74%
Mimi Rookie Palmon
72%
Mimi Champion Togemon
72%
Mimi Ultra Lillymon
71%
Joe Rookie Gomamon
67%
Tai Ausbildung Koromon
67%
Izzy Ultra Megakabuterimon
67%
Joe Champion Ikkakumon
64%
T.K. Ultra Magnaangemon
62%
Sora Rookie Biyomon
59%
Sora Ultra Garudamon
50%
Matt Ausbildung Tsunomon
47%
Joe Ultra Zudomon
45%
T.K. Ausbildung Tokomon
40%
Kari Rookie Salamon
37%
Mimi Ausbildung Tanemon
35%
Izzy Ausbildung Motimon
34%
Sora Ausbildung Yokomon
33%
Joe Ausbildung Bukamon
28%
Kari Ausbildung Nyaromon
15%
Keine übereinstimmenden Quizze gefunden
Verteilung der Resultate
Anzahl Personen mit jedem Resultat
Perzentil nach korrekt beantworteten Fragen
Ihre Resultats-Entwicklung
Sie haben dieses Quiz noch nicht gespielt